000 00588nam a2200205 i 4500
001 50206
003 ES-MaACL
005 20230906162136.0
007 t|
008 030801s1980 sp ||||1| spa d
020 _a84-283-1046-7
100 1 _aCuesta Alvarez, Martín.
_942052
245 1 0 _aMotores de reacción
_b: tecnología y operación de vuelo /
_cMartín Cuesta Alvarez.
250 _a5ª ed. amp.
260 _aMadrid :
_bParaninfo,
_c1980.
300 _a552 p. :
_bil. ;
_c24 cm.
500 _aIndice.
504 _aBibliografia.
852 _aES-MaACL
_jL-12396
_bR.115466
999 _c50206
_d50206